000
00319pab a2200133 454500
008
180718b xxu||||| |||| 00| 0 eng d
100
_a
Krishnamoorthy B.
245
_a
Apathy about public health
362
_a
1 Dec 93, p.4
650
_a
Health Services
650
_a
Public Health
773
_a
Patriot
909
_a
25743
999
_c
25743
_d
25743